000 00982nam a22002177a 4500
999 _c411
_d411
003 AR-CdUCM
008 190223b ||||| |||| 00| 0 spa d
040 _aMUNICIPALIDAD PROVINCIAL DEL CUSCO
_cBIBLIOTECA MUNICIPAL DEL CUSCO
082 _a984.04 /
_bF52
100 _aFinot, Alfonso
_91632
245 _aDocumentos sobre la revolución del 16 de julio de 1809 /
_cFinot, Alfonso ; Mantilla Cuellár, Julio (auspiciador)
260 _aLa Paz - Bolivia :
_bEd. Casa de la Cultura,
_c1992.
300 _a72 páginas ;
_bilustración,
_c17 cm.
505 _aInterpretación de la Proclama de la Junta Tuitiva -- Transcripción de la Proclama de la Junta Tuitiva -- Interpretación de la Proclama de la Junta Tuitiva -- Raíces Políticas de la Proclama de la Junta Tuitiva ...
650 _aHistoria.
_9136
650 _aAlto Perú.
_91633
650 _aEl Cabildo.
_91634
700 _aMantilla Cuellár, Julio (auspiciador)
_91635
942 _2ddc
_cLIBROS
945 _aachl
_d2019-02-23